Pierce The Veil - The Jaws Of Life - Statistics

General Stats
  • This quiz has been taken 7 times
  • The average score is 182 of 216
Answer Stats
Answer % Correct
a
100%
and
100%
at
100%
but
100%
buy
100%
by
100%
cant
100%
decide
100%
enough
100%
for
100%
get
100%
go
100%
gun
100%
having
100%
hold
100%
holes
100%
i
100%
im
100%
I'm
100%
in
100%
is
100%
it
100%
its
100%
jaws
100%
life
100%
make
100%
maybe
100%
me
100%
mirror
100%
my
100%
now
100%
of
100%
part
100%
point
100%
run
100%
should
100%
the
100%
time
100%
to
100%
whole
100%
alien
67%
begun
67%
belly
67%
car
67%
cause
67%
energy
67%
falling
67%
flying
67%
ghost
67%
has
67%
mars
67%
only
67%
screaming
67%
through
67%
we've
67%
you
67%
your
67%
beats
33%
between
33%
blue
33%
dark
33%
depression
33%
dont
33%
empty
33%
flavor
33%
heart
33%
hiding
33%
inside
33%
like
33%
live
33%
mind
33%
old
33%
places
33%
rotting
33%
seasonal
33%
spaces
33%
sun
33%
that
33%
this
33%
thought
33%
trying
33%
vacant
33%
we're
33%
were
33%
younger
33%
tourtures
0%
No matching quizzes found
Score Distribution
Percent of People with Each Score
Percentile by Number Answered
Your Score History
You have not taken this quiz